| 000 | 00754cam a2200265 a 4500 | ||
|---|---|---|---|
| 005 | 20260322212052.0 | ||
| 008 | data | ||
| 010 | _a 95010615 | ||
| 020 | _a0399140522 (acidfree paper) | ||
| 020 | _a978-0399140525 (acid-free paper) | ||
| 040 |
_aDLC _cDLC _dDLC _dOCoLC _dDLC |
||
| 050 | 0 | 0 |
_aPS3555.P48 _bH36 1995 |
| 082 | 0 | 0 |
_a813/.54 _220 |
| 100 | 1 | _aEphron, Delia. | |
| 245 | 1 | 0 |
_aHanging up / _cDelia Ephron. |
| 260 |
_aNew York : _bG.P. Putnam's Sons, _cc1995. |
||
| 300 |
_a307 p. ; _c24 cm. |
||
| 650 | 0 |
_aYoung women _xFiction. |
|
| 650 | 0 |
_aParents _xFiction. _xFiction. |
|
| 651 | 0 |
_aLos Angeles (Calif.) _xFiction. |
|
| 655 | 7 |
_aDomestic fiction. _2lcsh |
|
| 655 | 7 |
_aBildungsromans. _2gsafd |
|
| 655 | 7 |
_aLove stories. _2gsafd |
|
| 001 | data | ||
| 999 |
_c1246 _d1246 |
||